Central Library OPAC University of Rajshahi

The administrative process / (Record no. 17278)

MARC details
000 -LEADER
fixed length control field 00615nam a2200217 a 4500
001 - CONTROL NUMBER
control field 17278
003 - CONTROL NUMBER IDENTIFIER
rucl marc code BD-RjUL
005 - DATE AND TIME OF LATEST TRANSACTION
control field 20211209000120.0
008 - FIXED-LENGTH DATA ELEMENTS--GENERAL INFORMATION
fixed length control field 140216t19651958 ua 001 0 eng d
035 ## - SYSTEM CONTROL NUMBER
System control number (BD-RjUL)17336
040 ## - CATALOGING SOURCE
Original cataloging agency QUT
Language of cataloging eng
Transcribing agency QUT
Modifying agency ABN-SNR
-- BD-RjUL
041 ## - LANGUAGE CODE
Language code of text/sound track or separate title eng
082 04 - DEWEY DECIMAL CLASSIFICATION NUMBER
Classification number 658.4
Author mark and year ROA 1965
100 1# - MAIN ENTRY--PERSONAL NAME
Personal name Roy, Robert H.
9 (RLIN) 53272
245 14 - TITLE STATEMENT
Title The administrative process /
Statement of responsibility, etc. Robert H. Roy.
260 ## - PUBLICATION, DISTRIBUTION, ETC. (IMPRINT)
Place of publication, distribution, etc. Baltimore, Md. :
Name of publisher, distributor, etc. Johns Hopkins Press,
Date of publication, distribution, etc. 1958 [1965].
300 ## - PHYSICAL DESCRIPTION
Pagination xi, 236 p. ;
Size 21 cm.
504 ## - BIBLIOGRAPHY, ETC. NOTE
Bibliography, etc Includes indexes.
650 #0 - SUBJECT ADDED ENTRY--TOPICAL TERM
Topical term or geographic name as entry element Industrial management.
9 (RLIN) 53273
942 ## - ADDED ENTRY ELEMENTS (KOHA)
Source of classification or shelving scheme Dewey Decimal Classification
Koha item type Books
Holdings
Lost status Source of classification or shelving scheme Damaged status Not for loan Collection code Permanent Location Current Location Shelving location Date acquired Source of acquisition Cost, normal purchase price Total Checkouts Full call number Date last seen Copy number Koha item type
  Dewey Decimal Classification   Not For Loan Non-fiction Central Library, University of Rajshahi Central Library, University of Rajshahi Reading Room 25/06/1973 Euro-Bangladesh News Agancy. 54.00   658.4 ROA 1965 16/02/2014 C-1 Books